000 00475nam a22001817a 4500
005 20220729102238.0
008 220728b ||||| |||| 00| 0 eng d
040 _cAL
041 _aEnglish
082 _223
_a491.42
_bGANL
100 _aN S R Ganathe
_953936
245 _aLearn Punjabi in 30 days
260 _aMadras
_bBalaji Publications
_c1977
300 _a160 p.
_bPB
_c18x12 cm.
650 _aPunjabi
_953937
700 _aGANATHE (N S R)
_953938
942 _2ddc
_cGF
999 _c224277
_d224277